| 000 | 01011nam a22003377a 4500 | ||
|---|---|---|---|
| 001 | 0058697 | ||
| 003 | KOHA_MİRAKIL | ||
| 005 | 20260207004202.0 | ||
| 007 | ta | ||
| 008 | 160628b2006 tu |||gr||||#||||0|tur | | ||
| 020 | _a9785919368 | ||
| 040 |
_aTR-BiSEU _btur _cTR-BiSEU _erda |
||
| 041 | 0 | _atur | |
| 044 | _ctu | ||
| 050 |
_aQA371 _b.P35 2006 |
||
| 100 | 1 | _aPala, Yaşar. | |
| 245 | 1 |
_aModern uygulamalı diferensiyel denklemler/ _cYaşar Pala ; Yaşar Pala. |
|
| 250 | _a2. Baskı | ||
| 264 | 1 |
_aAnkara : _bNobel Akademik Yayıncılık _c2006 |
|
| 300 |
_aXIII, 706 sayfa ; _c24 cm. |
||
| 336 |
_ametin _btxt _2rdacontent |
||
| 337 |
_aaracısız _bn _2rdamedia |
||
| 338 |
_acilt _bnc _2rdacarrier |
||
| 490 | 1 |
_aNobel yayın ; _v950. |
|
| 490 | 1 | _aTeknik Yayınları Dizisi : 80 | |
| 650 | 0 |
_aDiferansiyel denklemler. _91691 |
|
| 650 | 0 |
_aDifferential equations. _91690 |
|
| 830 | 1 |
_aNobel yayın ; _v950. _91510 |
|
| 830 | 1 |
_aTeknik Yayınları Dizisi : 80 _9108574 |
|
| 942 |
_2lcc _cBK |
||
| 999 |
_c58501 _d58501 |
||